000 00692nac a22001931u 4500
020 _a8175150458
082 _a621.384132
_bR1612
090 _c912
_d912
100 _aRaj, Harish C.
245 _aQuestion bank in electrical and electronics engineering /
_cHarish C. Raj, Ashok Raj.
260 _aNew Delhi :
_bGalgoyia publishing Co.,
_c2003.
300 _a1098 p.:
_bill. ;
_c24 cm.
500 _aIncludes index.
650 _aElectronics.
650 _aElectric engineering.
700 _aRaj, Ashok.
942 _cBB
_k621.384132R1612
999 _c912
_d912